Statistics for Basic Harry Potter Quiz

Click here to take the quiz!

General Stats

  • This quiz has been taken 225 times
    (206 since last reset)
  • The average score is 13 of 15

Answer Stats

HintAnswer% Correct
Main CharacterHarry Potter
99%
Magic schoolHogwarts
99%
Harry's best friend (male)Ron Weasley
95%
Hogwarts HeadmasterDumbledore
94%
Harry's best friend (female)Hermione Granger
94%
Harry's worst enemyVoldemort
92%
Harry's MotherLily Potter
90%
House elf who comes to 'rescue' Harry PotterDobby
88%
Ron's only sisterGinny Weasley
88%
Harry's petHedwig
88%
Harry's cousinDudley Dursley
79%
Killing CurseAvada Kedavra
66%
A rare language that Harry Potter can speakParseltongue
61%
Draco Malfoy's houseSlytherin
61%
Award that the house with the most points wins at the end of the yearHouse cup
59%

Score Distribution

Percentile by Number Answered

Percent of People with Each Score

Your Score History

You have not taken this quiz since the last reset